| 000 | 00718nam a2200205Ii 4500 | ||
|---|---|---|---|
| 003 | JO-AjNU | ||
| 008 | 230605s9999||||xx |||||||||||||| ||und|| | ||
| 017 | _a98/13717 | ||
| 040 |
_aJO-AjNU _bara _erda _cJO-AjNU |
||
| 041 | _aara | ||
| 050 | 1 | 4 | _aUA11 |
| 100 | 3 |
_aجاد ، عماد, _eauthor _918758 |
|
| 245 | 0 | 0 | _aحلف الاطلنطي مهام جديدة في بيئة امنية مغايرة |
| 264 | 3 | 1 | _aالقاهرة :مركز الدراسات السياسية والاستراتيجية ،د.ت |
| 300 | _a309ص | ||
| 336 |
_atext _btxt _2rdacontent |
||
| 337 |
_aunmediated _bn _2rdamedia |
||
| 338 |
_avolume _bnc _2rdacarrier |
||
| 650 | 4 |
_aالمهام الامنية -حلف الاطلنطي _918759 |
|
| 999 |
_aA6060 _c9628 _d9628 |
||